000 00746cam a2200157 4500500
005 20260322003554.0
041 _afre
042 _adc
100 1 0 _aLamy, Pascal
_eauthor
245 0 0 _aLa gouvernance, utopie ou chimère ?
260 _c2005.
500 _a71
520 _aRésuméSe prêtant à de multiples interprétations et soumise à des critiques parfois diamétralement opposées, la notion de gouvernance reste – c’est sa force et sa faiblesse – une inconnue qu’il faut désormais redéfinir, entre utopie, concept philosophique et projet politique.
786 0 _nÉtudes | 402 | 2 | 2005-02-01 | p. 153-162 | 0014-1941
856 4 1 _uhttps://shs.cairn.info/revue-etudes-2005-2-page-153?lang=fr&redirect-ssocas=7080
999 _c1733209
_d1733209